000 00426nam a2200181Ia 4500
005 20221121093700.0
008 131103s9999 xx 000 0 und d
040 _aLoreto College
041 _aEnglish
082 _a821.7
_bCOL
100 _aColiridge, S.T
245 _aPoems
_cS.T Coliridge
260 _a[s.l]
_b[s.n]
300 _a842 p.
650 _aEnglish Poetry - Collections
850 _aLCLIB
942 _cBK
999 _c21397
_d71876